|
|
|
|
| LEADER |
01439nam a22003732a 4500 |
| 001 |
001933001 |
| 003 |
CZ BrMZK |
| 005 |
20250422074702.0 |
| 007 |
ta |
| 008 |
250422s1979 xr a er|||||||||||cze d |
| 020 |
|
|
|q (Brož.)
|
| 040 |
|
|
|a ZLG001
|b cze
|
| 043 |
|
|
|a e-xr---
|b e-xr-zl
|2 czenas
|
| 045 |
|
|
|a x-x-
|
| 072 |
|
7 |
|a 75
|x Malířství
|2 Konspekt
|9 21
|
| 080 |
|
|
|a 75 Králík, J.
|
| 080 |
|
|
|a 76 Králík, J.
|
| 080 |
|
|
|a (437.323)
|2 MRF
|
| 080 |
|
|
|a (083.824)
|2 MRF
|
| 245 |
0 |
0 |
|a Jaroslav Králík :
|b obrazy z let 1970-1979 : Okresní vlastivědné muzeum Vsetín [Vsetínský zámek] 7. říjen-18. listopad 1979 /
|c [text Václav Formánek]
|
| 260 |
|
|
|a Vsetín :
|b Okresní vlastivědné muzeum,
|c [1979?]
|
| 300 |
|
|
|a [4] s., vi s. obr. příl. ;
|c 20 x 21 cm
|
| 600 |
1 |
7 |
|a Králík, Jaroslav,
|d 1924-1999
|7 jn19981001695
|2 czenas
|
| 648 |
|
7 |
|a 20. století
|7 ch460558
|2 czenas
|
| 651 |
|
7 |
|a Česko
|7 ge128065
|2 czenas
|
| 651 |
|
7 |
|a Zlínský kraj (Česko : 2000-)
|7 ge134376
|2 czenas
|
| 653 |
0 |
|
|a čeští malíři
|a čeští grafici
|a čeští výtvarníci
|
| 655 |
|
7 |
|a katalogy výstav
|7 fd132536
|2 czenas
|
| 700 |
1 |
|
|a Formánek, Václav,
|d 1922-1985
|7 jk01031595
|4 aut
|
| 710 |
2 |
|
|a Okresní vlastivědné muzeum (Vsetín, Česko)
|7 kn20030908005
|
| 910 |
|
|
|a BOA001
|b X-1541.839
|
| 990 |
|
|
|a BK
|
| 991 |
|
|
|b 202504
|
| 996 |
6 |
|
|b 2611000375
|c X-1541.839
|l MZK
|r Sklad / do 24 hodin
|n 0
|p dar
|w 002002816
|u 000010
|a 1
|e BOA001
|j MZK50
|s P
|